000 00446nam a2200145 a 4500
001 000043362
005 20201002040840.0
008 140311s1979 sp 001 0 spa d
040 _aDO-SdBNP
_bspa
_cBNPHU
100 1 _aIglesias, Pablo
_971019
245 1 0 _aCien Años de Socialismo en España :
_bbibliografía /
_cPablo Iglesia.
260 _aMadrid :
_bfundacion pablo iglesias,
_c1979.
300 _a208 p. ;
_c22 cm.
500 _aIncluye índice
999 _c42851
_d42851